France (Football) - Tous les Joueurs (2015-2026) - Statistiques

Statistiques générales
  • Ce quiz a été pris 1 383 fois
    554 depuis la dernière actualisation
  • Le résultat moyen est 58 sur 105
Statistiques - réponses
Matchs Début Joueur % Correct
145 2008 Hugo Lloris
99%
94 2017 Kylian Mbappé
97%
137 2011 Olivier Giroud
97%
137 2014 Antoine Griezmann
96%
65 2016 N'Golo Kanté
95%
91 2013 Paul Pogba
93%
97 2007 Karim Benzema
92%
40 2018 Lucas Hernandez
92%
93 2013 Raphaël Varane
92%
41 2021 Théo Hernandez
92%
57 2016 Ousmane Dembélé
89%
35 2008 Steve Mandanda
88%
5 2018 Alphonse Areola
84%
84 2010 Blaise Matuidi
84%
35 2020 Dayot Upamecano
84%
55 2017 Benjamin Pavard
81%
43 2021 Aurélien Tchouaméni
80%
28 2020 Eduardo Camavinga
80%
13 2017 Florian Thauvin
80%
26 2022 Ibrahima Konaté
80%
31 2016 Samuel Umtiti
80%
37 2020 Mike Maignan
79%
5 2025 Désiré Doué
77%
46 2021 Jules Koundé
77%
31 2022 William Saliba
77%
56 2016 Adrien Rabiot
75%
4 2023 Khéphren Thuram
75%
55 2014 Lucas Digne
75%
31 2020 Marcus Thuram
75%
36 2010 Adil Rami
73%
1 2025 Lucas Chevalier
73%
18 2024 Bradley Barcola
71%
28 2017 Corentin Tolisso
71%
61 2015 Kingsley Coman
71%
4 2025 Rayan Cherki
71%
20 2017 Steven Nzonzi
70%
10 2017 Benjamin Mendy
68%
3 2023 Brice Samba
68%
10 2018 Ferland Mendy
68%
25 2015 Nabil Fekir
68%
13 2024 Michael Olise
67%
81 2004 Patrice Evra
67%
31 2022 Randal Kolo-Muani
66%
51 2011 Laurent Koscielny
65%
9 2023 Warren Zaïre-Emery
64%
38 2010 Dimitri Payet
60%
28 2018 Presnel Kimpembe
60%
18 2016 Djibril Sidibé
59%
12 2024 Manu Koné
59%
36 2009 André-Pierre Gignac
57%
52 2010 Mathieu Valbuena
56%
71 2009 Moussa Sissoko
56%
27 2016 Thomas Lemar
56%
1 2023 Wesley Fofana
56%
25 2022 Youssouf Fofana
56%
16 2013 Alexandre Lacazette
54%
65 2007 Bacary Sagna
54%
6 2025 Hugo Ekitiké
54%
8 2023 Malo Gusto
54%
3 2025 Jean-Philippe Mateta
52%
14 2021 Mattéo Guendouzi
52%
14 2022 Jonathan Clauss
51%
1 2016 Benoît Costil
50%
5 2025 Maghnes Akliouche
48%
48 2010 Yohan Cabaye
48%
29 2010 Mamadou Sakho
47%
16 2019 Clément Lenglet
44%
30 2015 Anthony Martial
42%
18 2022 Christopher Nkunku
42%
11 2021 Moussa Diaby
42%
3 2010 Stéphane Ruffier
42%
15 2007 Hatem Ben Arfa
41%
6 2021 Jordan Veretout
41%
5 2022 Axel Disasi
39%
13 2019 Léo Dubois
37%
16 2012 Christophe Jallet
36%
27 2011 Mathieu Debuchy
36%
15 2014 Morgan Schneiderlin
32%
19 2018 Wissam Ben Yedder
32%
1 2020 Houssem Aouar
30%
2 2022 Benoît Badiashile
29%
5 2022 Boubacar Kamara
28%
13 2010 Kévin Gameiro
27%
34 2007 Lassana Diarra
27%
8 2013 Eliaquim Mangala
25%
1 2020 Ruben Aguilar
25%
1 2022 Adrien Truffert
24%
5 2011 Jérémy Mathieu
24%
13 2014 Layvin Kurzawa
24%
11 2015 Kurt Zouma
23%
7 2018 Tanguy Ndombélé
23%
1 2025 Loïc Badé
22%
1 2025 Pierre Kalulu
22%
4 2019 Jonathan Ikoné
21%
1 2023 Castello Lukeba
19%
2 2023 Jean-Clair Todibo
19%
1 2017 Tiemoué Bakayoko
19%
1 2018 Alassane Pléa
18%
5 2013 Geoffrey Kondogbia
16%
8 2011 Maxime Gonalons
16%
1 2021 Nordi Mukiele
16%
5 2012 Benoît Trémoulinas
13%
2 2015 Paul-Georges Ntep
13%
1 2016 Sébastien Corchia
11%
7 2013 Josuha Guilavogui
6%
Aucun quiz correspondant
Distribution des résultats
% des personnes avec chaque résultat
Percentile par nombre de réponses
Votre historique - résultats
Vous n’avez pas pris ce quiz depuis la dernière actualisation